01678nam a22003737a 4500003000500000005001700005008004100022010001000063011001000073035001100083040000900094090001000103100003500113245018300148260004000331300003500371502011900406590003700525590004100562590004100603590004100644590004100685590004200726650003600768650004100804650002800845901000700873942000900880949005800889949006400947999001701011952014101028952013501169CHAP20220329143404.0090213s2008 mx r 00010 spa d a95858 a96830 a107487 cCHAP aTesis1 aMoreno Moreno, Gildardo97866010aFactores determinantes del crecimiento económico del subsector cárnico del municipio de General Simón Bolivar, Durango, México de 1990 a 2004c/por Gildardo Moreno Moreno aBermejillo, Dgo. :bEl autor,c2008 aix, 51 h. :bgráfs., cuadros aTesis (Ing. Agr. en Sistemas Pecuarios de Zonas Áridas) -- UACH. Unidad Regional Universitaria de Zonas Áridas aALEPHb10c20130110lUCH01h1527 aBATCH-UPDb10c20130110lUCH01h0203 aBATCH-UPDb10c20130110lUCH01h1749 aBATCH-UPDb10c20130410lUCH01h1127 aBATCH-UPDb10c20130914lUCH01h0848 aCONVERSIONb10c20130109lUCH01h135314aCarne de resxIndustria.91920414aCarnexAspectos económicos.91906214aCarnexMercadeo.919090 aBK cFOLL aTesisbBCcTESd33724002085686eTS1h48849i107487sb aTesisbBCcTESd33724002085728eTS2fc..2h48850i107487sb c95858d95858 00102local4053708TESISaBCbBCcPA_TESISd2019-12-31fTESISl0oTesisp33724002085728r2019-12-31 00:00:00tc..2w2019-12-31yTESIS 00102local4051708TESISaBCbBCcPA_TESISd2019-12-31fTESISl0oTesisp33724002085686r2019-12-31 00:00:00w2019-12-31yTESIS